Stolice państw kończących się na -stan - Statystyki

Ogólne statystyki
  • Ten quiz został rozwiązany 136 razy
  • Średni wynik to 6 z 7
Statystyki odpowiedzi
Państwo Stolica % Poprawnych
Kazachstan Astana
97%
Afganistan Kabul
91%
Pakistan Islamabad
89%
Uzbekistan Taszkent
77%
Kirgistan Biszkek
71%
Tadżykistan Duszanbe
70%
Turkmenistan Aszchabad
59%
Nie znaleziono quizów pasujących do podanych kryteriów
Rozkład punktacji
Procent ludzi z każdym wynikiem
Percentyl według liczby udzielonych odpowiedzi
Twoja historia wyników
Nie rozwiązałeś tego quizu